Políticas sociales y trabajo social

Spremljeno u:
Bibliografski detalji
Glavni autori: Fernández, Arturo (Autor), Rozas, Margarita (Autor)
Format: Knjiga
Jezik:španjolski
Izdano: Buenos Aires Humanitas 1992
Izdanje:4a. ed
Serija:Colección Desarrollo Social
Teme:
Oznake: Dodaj oznaku
Bez oznaka, Budi prvi tko označuje ovaj zapis!

MARC

LEADER 00000nam a2200000 a 4500
001 UCY0247
003 CL-VaPUC
008 940719e19920000AG |||||||||||||||||spa|d
082 0 4 |a 361.613  |b FER  |2 21 
100 0 |a Fernández, Arturo  |e author  |9 327878 
700 0 |a Rozas, Margarita  |e author  |9 327879 
245 1 0 |a Políticas sociales y trabajo social 
250 |a 4a. ed 
300 |a 192 p 
942 |c BK 
945 |d 19940719 00:00:00  |a oaravena 
260 |a Buenos Aires  |b Humanitas  |c 1992 
650 0 |a Política social  |9 257588 
650 0 |a Trabajo social   |9 307856 
583 |a last modification  |c 19940719 00:00:00  |k Rodrigo Vera 
490 0 |a Colección Desarrollo Social 
999 |c 229292  |d 229290 
952 |0 0  |1 0  |4 0  |6 361_613000000000000_FER_1992  |7 0  |8 A  |9 230221  |a BIBGIM  |b BIBGIM  |d 2019-11-15  |i 2992809  |o 361.613 FER 1992  |p 2992809  |r 2025-01-15  |w 2019-11-15  |y BK  |k SSL